000 00594nam a2200193Ii 4500
003 JO-AjNU
008 230605s9999||||xx |||||||||||||| ||und||
040 _aJO-AjNU
_bara
_erda
_cJO-AjNU
041 _aara
050 1 4 _aQA11 1986
100 3 _aندا ، عزت محمد ,
_eauthor
_950852
245 0 0 _aمبادئ الرياضة البحته
264 3 1 _aالقاهرة : جامعة الازهر ، 1986
300 _a474ص
336 _atext
_btxt
_2rdacontent
337 _aunmediated
_bn
_2rdamedia
338 _avolume
_bnc
_2rdacarrier
650 4 _aمبادئ الرياضة
_950853
999 _aA22426
_c25994
_d25994